[Event "AUT-chT (Women) 1516"]
[Site "Austria"]
[Date "2016.02.27"]
[Round "5.1"]
[White "Hiebler, Laura"]
[Black "Trippold, Denise"]
[Result "1/2-1/2"]
[WhiteElo "2107"]
[BlackElo "2083"]
[PlyCount "69"]
[EventDate "2015.11.06"]
[EventType "team-swiss"]
[EventRounds "7"]
[EventCountry "AUT"]
[SourceTitle "EXT 2017"]
[Source "ChessBase"]
[SourceDate "2016.10.25"]
[SourceVersion "1"]
[SourceVersionDate "2016.10.25"]
[SourceQuality "1"]
[WhiteTeam "St Veit/Glan (W)"]
[BlackTeam "Baden (W)"]
[WhiteTeamCountry "AUT"]
[BlackTeamCountry "AUT"]

1. c4 c5 2. Nc3 Nc6 3. g3 g6 4. Bg2 Bg7 5. Nf3 e6 6. 0-0 Nge7 7. d4 cxd4 8. Nb5 d5 9. cxd5 Nxd5 10. Nbxd4 Nxd4 11. Nxd4 0-0 12. e4 Nb6 13. Nb5 Qxd1 14. Rxd1 Bd7 15. Nd6 Bc6 16. Rb1 Rfd8 17. b3 Nc8 18. Ba3 Nxd6 19. Bxd6 Bf8 20. Bxf8 Kxf8 21. e5 Bxg2 22. Kxg2 Ke7 23. Rxd8 Rxd8 24. Rc1 Rd7 25. Rc8 h5 26. h4 a5 27. Kf3 Rd2 28. Rc7+ Ke8 29. Rxb7 Rxa2 30. Ke3 Rb2 31. Rb8+ Ke7 32. Rb7+ Kf8 33. Rb8+ Ke7 34. Rb7+ Kf8 35. Rb8+ 1/2-1/2

[Event "AUT-chT (Women) 1516"]
[Site "Austria"]
[Date "2016.02.26"]
[Round "4.1"]
[White "Hiebler, Laura"]
[Black "Schnegg, Anna Lena"]
[Result "0-1"]
[WhiteElo "2107"]
[BlackElo "2149"]
[PlyCount "64"]
[EventDate "2015.11.06"]
[EventType "team-swiss"]
[EventRounds "7"]
[EventCountry "AUT"]
[SourceTitle "EXT 2017"]
[Source "ChessBase"]
[SourceDate "2016.10.25"]
[SourceVersion "1"]
[SourceVersionDate "2016.10.25"]
[SourceQuality "1"]
[WhiteTeam "St Veit/Glan (W)"]
[BlackTeam "Mayrhofen/Zillertal (W)"]
[WhiteTeamCountry "AUT"]
[BlackTeamCountry "AUT"]

1. c4 c5 2. Nc3 Nf6 3. g3 d5 4. cxd5 Nxd5 5. Bg2 Nc7 6. Nf3 Nc6 7. 0-0 e5 8. d3 Be7 9. a3 0-0 10. Bd2 Bd7 11. Rc1 Ne6 12. Na4 f6 13. Qb3 b6 14. Bh3 Qc8 15. Nc3 Kh8 16. Qd5 Rd8 17. Qe4 Ned4 18. Bxd7 Qxd7 19. Rfd1 f5 20. Qe3 Bd6 21. Rb1 Rf8 22. Nh4 Rae8 23. Na2 e4 24. dxe4 Rxe4 25. Qd3 Ne5 26. Qa6 Nxe2+ 27. Kh1 Qc6 28. Ng2 Ng4 29. Be1 Nd4 30. Nc3 Re7 31. Qd3 Rxe1+ 32. Rxe1 Nxf2+ 0-1

[Event "EU-ch U18 Girls 25th"]
[Site "Porec"]
[Date "2015.09.29"]
[Round "8"]
[White "Hiebler, Laura"]
[Black "Vidic, Teja"]
[Result "0-1"]
[WhiteElo "1956"]
[BlackElo "2096"]
[PlyCount "98"]
[EventDate "2015.09.21"]
[EventType "swiss"]
[EventRounds "9"]
[EventCountry "CRO"]
[SourceTitle "EXT 2016"]
[Source "ChessBase"]
[SourceDate "2015.10.08"]
[SourceVersion "1"]
[SourceVersionDate "2015.10.08"]
[SourceQuality "1"]

1. c4 e5 2. g3 Nf6 3. Bg2 d5 4. cxd5 Nxd5 5. Nf3 Nc6 6. 0-0 Be7 7. d4 exd4 8. Nxd4 Nxd4 9. Qxd4 Nf6 10. Qxd8+ Bxd8 11. Nc3 c6 12. Bf4 Be6 13. Rfd1 Rc8 14. Rac1 Be7 15. b3 0-0 16. Bd6 Bxd6 17. Rxd6 Rfd8 18. Rcd1 Rxd6 19. Rxd6 Kf8 20. Rd2 Ke7 21. Ne4 Nxe4 22. Bxe4 Rd8 23. Rxd8 Kxd8 24. Kf1 a5 25. Bc2 a4 26. Ke1 axb3 27. axb3 c5 28. Kd2 b5 29. f4 f5 30. Kc3 b4+ 31. Kb2 Ke7 32. e4 fxe4 33. Bxe4 h6 34. Bf3 Kf6 35. g4 h5 36. h3 h4 37. Kc2 Ke7 38. Be4 Kd6 39. Bf3 c4 40. bxc4 Bxc4 41. Bg2 Kc5 42. f5 Kd4 43. Kb2 Ke5 44. Kc2 Kf4 45. Kb2 Kg3 46. Be4 Kxh3 47. g5 Kg4 48. f6 gxf6 49. gxf6 Kg5 0-1

[Event "EU-ch U18 Girls 25th"]
[Site "Porec"]
[Date "2015.09.24"]
[Round "4"]
[White "Janska, Jitka"]
[Black "Hiebler, Laura"]
[Result "0-1"]
[WhiteElo "2090"]
[BlackElo "1956"]
[PlyCount "126"]
[EventDate "2015.09.21"]
[EventType "swiss"]
[EventRounds "9"]
[EventCountry "CRO"]
[SourceTitle "EXT 2016"]
[Source "ChessBase"]
[SourceDate "2015.10.08"]
[SourceVersion "1"]
[SourceVersionDate "2015.10.08"]
[SourceQuality "1"]

1. e4 e5 2. Nf3 Nc6 3. Bc4 Bc5 4. c3 Nf6 5. d4 exd4 6. cxd4 Bb4+ 7. Nbd2 d5 8. exd5 Nxd5 9. a3 Bxd2+ 10. Bxd2 0-0 11. 0-0 Nb6 12. Ba2 Bg4 13. Bc3 Ne7 14. Bb4 a5 15. Bc5 Nd7 16. Qb3 Nxc5 17. dxc5 Bxf3 18. Qxf3 Nc6 19. Rad1 Qe7 20. Rfe1 Qxc5 21. Rd5 Qc2 22. Rd7 Qxb2 23. Bxf7+ Kh8 24. Qb3 Qxb3 25. Bxb3 Rae8 26. Red1 Rc8 27. Rc1 Rfd8 28. Rcd1 Rxd7 29. Rxd7 Ne5 30. Re7 Ng6 31. Rf7 b5 32. Rf5 c5 33. Kf1 c4 34. Bd1 b4 35. Rxa5 b3 36. Rb5 h6 37. Rb6 Ne5 38. Ke2 c3 39. Rxb3 c2 40. Bxc2 Rxc2+ 41. Ke3 Ng4+ 42. Kf4 Nxh2 43. Rh3 Nf1 44. Kf3 Ra2 45. a4 Nd2+ 46. Ke3 Nc4+ 47. Kd4 Nb6 48. Rf3 Rxa4+ 49. Ke5 Rg4 50. g3 Nd7+ 51. Kf5 Nf6 52. Rd3 Kh7 53. f4 Kg8 54. Ra3 Kf7 55. Ra7+ Ke8 56. Ra8+ Kd7 57. Ra7+ Kc8 58. Ra3 Kb7 59. Re3 h5 60. Ke6 Kc6 61. Rc3+ Kb5 62. Ra3 Ne4 63. f5 Rxg3 0-1

[Event "EU-ch U18 Girls 25th"]
[Site "Porec"]
[Date "2015.09.22"]
[Round "2"]
[White "Hincu, Olga"]
[Black "Hiebler, Laura"]
[Result "0-1"]
[WhiteElo "2038"]
[BlackElo "1956"]
[PlyCount "101"]
[EventDate "2015.09.21"]
[EventType "swiss"]
[EventRounds "9"]
[EventCountry "CRO"]
[SourceTitle "EXT 2016"]
[Source "ChessBase"]
[SourceDate "2015.10.08"]
[SourceVersion "1"]
[SourceVersionDate "2015.10.08"]
[SourceQuality "1"]

1. c4 c5 2. Nf3 Nf6 3. d4 cxd4 4. Nxd4 Nc6 5. Nc3 e6 6. g3 Qb6 7. Nb3 Ne5 8. e4 Nfg4 9. Qe2 Bb4 10. f3 Nf6 11. Be3 Qc7 12. Rc1 b6 13. Kf2 Bxc3 14. Rxc3 Ba6 15. Nd4 Qb7 16. b4 Nxf3 17. Qxf3 Nxe4+ 18. Qxe4 Qxe4 19. Bg2 Qg6 20. Bxa8 e5 21. Nf3 0-0 22. Bd5 Kh8 23. Kg2 d6 24. Rf1 f5 25. Nh4 Qh5 26. Bf3 Qe8 27. b5 Bc8 28. Bc6 Qe6 29. Bd5 Qe7 30. Nf3 f4 31. gxf4 Qd7 32. Ng5 Qg4+ 33. Kh1 Qe2 34. Rg1 Bg4 35. Bc1 exf4 36. Bf3 Bxf3+ 37. Nxf3 h6 38. Rb3 Qxa2 39. Nd2 Qc2 40. Rb2 Qd3 41. Rb3 Qc2 42. Rf3 Qf5 43. Ra3 Rf7 44. Re1 Kh7 45. Rf3 g5 46. Nb3 Qg4 47. Nd4 Qh4 48. Rd1 h5 49. Kg1 Kg6 50. Rfd3 g4 51. Ne2 0-1

[Event "Graz op"]
[Site "Graz"]
[Date "2015.09.02"]
[Round "5"]
[White "Legenstein, Robert"]
[Black "Hiebler, Laura"]
[Result "1/2-1/2"]
[WhiteElo "2112"]
[BlackElo "1956"]
[PlyCount "99"]
[EventDate "2015.08.29"]
[EventType "swiss"]
[EventRounds "9"]
[EventCountry "AUT"]
[SourceTitle "EXT 2016"]
[Source "ChessBase"]
[SourceDate "2015.10.08"]
[SourceVersion "1"]
[SourceVersionDate "2015.10.08"]
[SourceQuality "1"]

1. e4 e5 2. Nf3 Nc6 3. Bb5 a6 4. Ba4 Nf6 5. 0-0 Be7 6. Re1 b5 7. Bb3 0-0 8. h3 d6 9. c3 Na5 10. Bc2 d5 11. d4 dxe4 12. Nxe5 c5 13. Be3 Qc7 14. Nd2 Bb7 15. Bf4 Bd6 16. Bh2 cxd4 17. cxd4 Rfe8 18. Rc1 Qe7 19. a3 Rac8 20. b4 Nc6 21. Nxe4 Nxe4 22. Bxe4 Bxe5 23. dxe5 Rcd8 24. Qe2 Nd4 25. Qe3 Bxe4 26. Qxe4 Nb3 27. Rc6 Qb7 28. Bg3 Nd2 29. Qc2 Nc4 30. Rc5 Rd2 31. Qc3 Qd7 32. e6 Rxe6 33. Rxe6 Qxe6 34. Qf3 h6 35. Rc6 Qd5 36. Qxd5 Rxd5 37. Rxa6 Rd1+ 38. Kh2 Ra1 39. Ra8+ Kh7 40. Rb8 Nxa3 41. Bd6 Rd1 42. Bc5 Rd3 43. g3 h5 44. h4 Rd7 45. Rb6 f6 46. Kg2 Kg6 47. Kf3 Kf5 48. Rb8 Rd3+ 49. Ke2 Rd7 50. Kf3 1/2-1/2

[Event "AUT-ch U16/U18 Girls"]
[Site "St Veit"]
[Date "2015.03.31"]
[Round "5.2"]
[White "Wu, Min"]
[Black "Hiebler, Laura"]
[Result "0-1"]
[WhiteElo "1830"]
[BlackElo "1950"]
[PlyCount "96"]
[EventDate "2015.03.29"]
[EventType "swiss"]
[EventRounds "7"]
[EventCountry "AUT"]
[SourceTitle "EXT 2024"]
[Source "ChessBase"]
[SourceDate "2023.10.10"]
[SourceVersion "1"]
[SourceVersionDate "2023.10.10"]
[SourceQuality "1"]

1. e4 e6 2. Qe2 Ne7 3. Nf3 d5 4. d3 c5 5. g3 Nbc6 6. Bg2 g6 7. Bg5 Bg7 8. e5 Qc7 9. Bf6 Bxf6 10. exf6 Nf5 11. 0-0 Qd8 12. Nc3 0-0 13. g4 Nfd4 14. Nxd4 cxd4 15. Na4 Qxf6 16. f4 Ne7 17. c4 dxc3 18. Nxc3 Bd7 19. Kh1 Rfe8 20. a4 Qg7 21. Nb5 Bxb5 22. axb5 Qd4 23. Qd2 Rec8 24. Rfc1 Rxc1+ 25. Rxc1 Rc8 26. Rc3 Rxc3 27. bxc3 Qa4 28. h3 Qxb5 29. c4 Qd7 30. Qe3 dxc4 31. dxc4 a5 32. Qb6 Nc6 33. Kh2 a4 34. g5 Nd8 35. Qa5 Qd6 36. Kg3 Qd3+ 37. Bf3 Qd7 38. Be4 Qd1 39. Bc2 Qg1+ 40. Kf3 Qf1+ 41. Kg3 Qg1+ 42. Kf3 Nc6 43. Qxa4 Qf1+ 44. Kg3 Nd4 45. Qa8+ Kg7 46. Qxb7 Qg1+ 47. Kh4 Qf2+ 48. Kg4 Qxc2 0-1

[Event "AUT-ch U16/U18 Girls"]
[Site "St Veit"]
[Date "2015.03.30"]
[Round "3.1"]
[White "Busuioc, Alexandra"]
[Black "Hiebler, Laura"]
[Result "1-0"]
[WhiteElo "1766"]
[BlackElo "1950"]
[PlyCount "81"]
[EventDate "2015.03.29"]
[EventType "swiss"]
[EventRounds "7"]
[EventCountry "AUT"]
[SourceTitle "EXT 2024"]
[Source "ChessBase"]
[SourceDate "2023.10.10"]
[SourceVersion "1"]
[SourceVersionDate "2023.10.10"]
[SourceQuality "1"]

1. e4 e6 2. d4 d5 3. Nc3 Nf6 4. e5 Nfd7 5. f4 c5 6. Nf3 Nc6 7. Be3 a6 8. Qd2 b5 9. g3 cxd4 10. Nxd4 Nxd4 11. Bxd4 Bc5 12. Ne2 Bb7 13. Bg2 0-0 14. c3 Qc7 15. 0-0 Nb6 16. b3 Rac8 17. Rac1 Ba3 18. Rce1 Bc5 19. g4 Bxd4+ 20. cxd4 Qc2 21. Qe3 Qg6 22. f5 Qxg4 23. f6 Kh8 24. fxg7+ Qxg7 25. Rf3 f6 26. Rg3 Qe7 27. exf6 Rxf6 28. Nf4 Rg8 29. Rxg8+ Kxg8 30. Qe5 h6 31. Nxe6 Qf7 32. Nd8 Qg7 33. Nxb7 Nd7 34. Qe8+ Rf8 35. Qe6+ Kh8 36. Qxd5 Rg8 37. Nd6 Rf8 38. Nf5 Qf6 39. Qxd7 Qxf5 40. Qxf5 Rxf5 41. d5 1-0

[Event "AUT-chT (Women) 1415"]
[Site "Austria"]
[Date "2015.03.01"]
[Round "6.2"]
[White "Mayrhuber, Nikola"]
[Black "Hiebler, Laura"]
[Result "0-1"]
[WhiteElo "1804"]
[BlackElo "1921"]
[PlyCount "54"]
[EventDate "2014.10.03"]
[EventType "team-swiss"]
[EventRounds "9"]
[EventCountry "AUT"]
[SourceTitle "EXT 2016"]
[Source "ChessBase"]
[SourceDate "2015.10.08"]
[SourceVersion "1"]
[SourceVersionDate "2015.10.08"]
[SourceQuality "1"]
[WhiteTeam "Mayrhofen/Zillertal (W)"]
[BlackTeam "Schachamazonen (W)"]
[WhiteTeamCountry "AUT"]
[BlackTeamCountry "AUT"]

1. d4 Nf6 2. Nf3 e6 3. c4 b6 4. g3 Ba6 5. Nbd2 Bb4 6. Qc2 0-0 7. Bg2 c6 8. 0-0 d5 9. b3 Nbd7 10. Bb2 Rc8 11. Rac1 c5 12. Qd3 cxd4 13. Qxd4 e5 14. Nxe5 Nxe5 15. Qxe5 Bxd2 16. Rcd1 Bb4 17. Bxd5 Qe7 18. e4 Qxe5 19. Bxe5 b5 20. Rc1 bxc4 21. Bxf6 gxf6 22. bxc4 Rc5 23. Rc2 Rfc8 24. Rb1 Ba5 25. Rbc1 Bb6 26. Kf1 f5 27. e5 Rxd5 0-1